Open Data Biblioteca Nacional de Portugal


República Portuguesa: Ministério da Cultura
Biblioteca Nacional de Portugal

Catálogo da BNP: acesso por Identificadores Unívocos
Registos Bibliográficos associados ao registo de autoridade

Etiqueta de registo: 00379nas 2200205 450
001 2266484
003 http://id.bnportugal.gov.pt/bib/catbnp/2266484
100 ## $a20260213b19972006m y0pory01030103ba
101 0# $apor
102 ## $aPT
106 ## $ae
110 ## $accazz 0uu0
200 1# $aDNA$fed. Pedro Rolo Duarte
207 #0 $aNº 1 (26 out. 1996) - nº 481 (14 jan. 2006)
210 #9 $aLisboa$cDiário de Notícias [distrib.]$d[1997?-2006]
215 ## $d39 cm
312 ## $aSuplemento destacável, publicado como parte integrante do Jornal de Diário de Notícias
317 ## $aColeção Leandro de Moraes Sarmento$5PTBN: L.M.S. 98
326 ## $aSemanal
422 #1 $100190456$tDiário de notícias$cLisboa$bTypographia Universal,$d1864-$x0870-1954
620 ## $dLisboa
675 ## $a629.3(054)$vBN$zpor$31512963
702 #1 $aDuarte$bPedro Rolo$f1964-2017$4340$3244194
801 #0 $aPT$bBN$gRPC
966 ## $lBN$mFGJOR$pBiblioteca particular Leandro de Moraes Sarmento$sL.M.S. 98 $x3
971 ## $cssilva$d20260213

OpendataBNP@bnportugal.pt | Mais informação sobre acesso aos dados BNP